000 00424nam a2200169Ia 4500
008 230711s9999||||xx |||||||||||||| ||und||
020 _a978-93-85059-32-2
041 _aENG
082 _a687.0688
_bRA-A
100 _aRathinamoorthy,R
245 0 _aApparel Merchandising
250 _a1st Ed.
260 _c2018
_aNew Delhi
_bWoodhead Publishing Pvt Ltd
300 _a381p.
650 _aTextile Engineering
942 _cBK
999 _c7011
_d7011